000 00612nam a22002177a 4500
003 UA-OsUOA
001 74038
007 ta
008 20110324b un ||||| |||| 00| 0 ukr d
100 _aЛушин В.
090 _a330
_bЛ87
942 _cSA
040 _aUA-OsUOA
_brus
_cUA-OsUOA
_dUA-OsUOA
245 _aРеакция на кризис и ее последствия для реального сектора российской экономики
300 _aС.39-51
955 _a0
041 _arus
080 _a330
773 0 _w74037
650 7 _a330 Економіка взагалі
_2UDC
999 _c360330
_d360330